00479 2200169 4500001002100000008004100021035002000062245005300082100002400135260004500159300002700204020002200231084001800253082001100271650001500282990001200297INLIS000000000001408 Ind  a0010-0924000005 aEnsiklopedia Desa PeternakancTubagus Mardian P. aMardian P., Tubagus aJakartabPT. Educarindo Compumediac2016 a136 hlm.c17,5 x 25 cm a978-979-3901-75-6 a636.003 TUB e a636003 aPeternakan a0750909